| 000 | 00741nam a22002057a 4500 | ||
|---|---|---|---|
| 005 | 20251108170122.0 | ||
| 008 | 250721s1998 xx 000 0 ara d | ||
| 082 | 1 | 4 | _aم/214/حكم |
| 100 | 1 | _aالحكمي، حافظ بن أحمد | |
| 245 | 1 | 0 | _aإعلام السنة المنشورة لإعتقاد الطائفة الناجية المنصورة / |
| 264 | 1 |
_aالرياض : _bمكتبة الرشيد للنشر و التوزيع، _c1998. |
|
| 300 | _a370ص. | ||
| 650 | 1 | 7 | _aالتوحيد |
| 650 | 1 | 7 | _aالإسلام |
| 650 | 1 | 7 | _aأصول الدين الإسلامي |
| 650 | 1 | 7 | _aالعقيدة الإسلامية |
| 700 | 1 |
_aمدخلي، أحمد بن علي علوش _eتحقيق |
|
| 942 |
_2ddc _cREF |
||
| 999 |
_c40190 _d40190 |
||